00656nam a2200133Ia 4500008004100000020002200041100002700063245017600090260005700266300004500323650001600368999001900384952011900403200928s9999 xx 000 0 und d a978-621-95906-2-4 aRodriguez, Mary Joy J. cMary Joy J. Rodriguez, Ivy Gay O. Salvador, Feljone G. Ragma, Elma M. Torres, Edwina M. Manalang, Nora A. Oredina, Justin Ian N. Ogoy.--aMathematics in the modern world / aQuezon City :bNieme Publishing House Co. Ltd.c2018 av , 318 pages :billustrations ;c25 cm. aMathematics c364545d364545 001040aCLbCLcFILd2020-09-28eLibrary Fundl0oQA 37.2 .R696 2018pC22654r2020-09-28 00:00:00w2020-09-28yBK